Countries with Blue Zones - Statistics

General Stats
  • This quiz has been taken 116 times
  • The average score is 4 of 5
Answer Stats
Place Country % Correct
Okinawa Japan
100%
Sardinia Italy
95%
Ikaria Greece
63%
Loma Linda United States
62%
Nicoya Peninsula Costa Rica
31%
No matching quizzes found
Score Distribution
Percent of People with Each Score
Percentile by Number Answered
Your Score History
You have not taken this quiz